Every Legendary/Mythical Pokemon - Statistics

General Stats
  • This quiz has been taken 10 times
  • The average score is 39 of 70
Answer Stats
Region Name Type % Correct
Kanto Mew Psychic
100%
Kanto Mewtwo Psychic
100%
Kanto Articuno Ice/Flying
88%
Johto Celebi Psychic/Grass
88%
Johto Entei Fire
88%
Hoenn Latias Dragon/Psychic
88%
Hoenn Latios Dragon/Psychic
88%
Kanto Moltres Fire/Flying
88%
Hoenn Registeel Steel
88%
Kanto Zapdos Electrif/Flying
88%
Hoenn Deoxys Psychic
75%
Hoenn Groudon Ground
75%
Hoenn Kyogre Water
75%
Hoenn Rayquaza Dragon/Flying
75%
Hoenn Regice Ice
75%
Hoenn Regirock Rock
75%
Alola Tapu Fini Water/Fairy
75%
Alola Tapu Koko Electric/Fairy
75%
Alola Tapu Lele Psychic/Fairy
75%
Kalos Xerneas Fairy
75%
Kalos Zygarde Dragon/Ground
75%
Alola Cosmoem Psychic
63%
Alola Cosmog Psychic
63%
Sinnoh Cresselia Psychic
63%
Sinnoh Darkrai Dark
63%
Sinnoh Dialga Steel/Dragon
63%
Kalos Diancie Rock/Fairy
63%
Johto Ho-Oh Fire/Flying
63%
Kalos Hoopa Psychic/Ghost
63%
Johto Lugia Psychic/Flying
63%
Alola Lunala Psychic/Ghost
63%
Alola Marshadow Fighting/Ghost
63%
Sinnoh Regigigas Normal
63%
Sinnoh Shaymin Grass
63%
Alola Solgaleo Psychic/Steel
63%
Alola Tapu Bulu Grass/Fairy
63%
Kalos Yveltal Dark/Flying
63%
Sinnoh Arceus Normal
50%
Sinnoh Azelf Psychic
50%
Sinnoh Heatran Fire/Steel
50%
Hoenn Jirachi Steel/Psychic
50%
Alola Necrozma Psychic
50%
Sinnoh Palkia Water/Dragon
50%
Johto Raikou Electric
50%
Kalos Volcanion Fire/Water
50%
Alola Zeraora Electric
50%
Unova Cobalion Steel/Fighting
38%
Unova Genesect Bug/Steel
38%
Unova Keldeo Water/Fighting
38%
Sinnoh Manaphy Water
38%
Alola Melmetal Steel
38%
Alola Meltan Steel
38%
Sinnoh Mesprit Psychic
38%
Sinnoh Phione Water
38%
Unova Reshiram Dragon/Fire
38%
Alola Silvally Normal
38%
Sinnoh Uxie Psychic
38%
Unova Zekrom Dragon/Electric
38%
Unova Kyurem Dragon/Ice
25%
Unova Landorus Ground/Flying
25%
Unova Meloetta Normal/Psychic
25%
Unova Terrakion Rock/Fighting
25%
Unova Tornadus Flying
25%
Unova Virizion Grass/Fighting
25%
Sinnoh Giritina Ghost/Dragon
13%
Alola Magernea Steel/Fairy
13%
Alola Null Normal
13%
Johto Suicine Water
13%
Unova Thundrus Electric/Flying
13%
Unova Victini Psychic/Fire
13%
No matching quizzes found
Score Distribution
Percent of People with Each Score
Percentile by Number Answered
Your Score History
You have not taken this quiz